00990nab a22002177i 4500003000900000005001700009008004000026035001700066040002400083041000800107100014700115245013400262260001000396650005700406650006100463650006300524650005900587773009800646942001300744999001500757KOSZ 00520170427120657.0160308s2008 pl ||||| ||||0|| ||pol  aPBN-R:251782 cKOSZ 005/mdaPBN-ID0 apol aSZYMAŃSKI, Kazimierz.d1996 - .bPolitechnika Koszalińska - Wydział Budownictwa i Inżynierii Środowiska,cKatedra Gospodarki Odpadami10aAnaliza stanu środowiska wybranych rzek regionu środkowopomorskiego /cKazimierz Szymański, Natasza Goliszewska-Hamulewicz. c2008. 0aOchrona środowiska – dziedzina nauk chemicznych. 0aEnvironmental protection – field of chemical sciences. aEnvironmental protection – field of biological sciences. 0aOchrona środowiska – dziedzina nauk biologicznych.08iW :tEkologia i Technika. -x1230-462XdBydgoskie Towarzystwo Naukoweg2008, Z. 6, s. 294-300 cART2UKD c8293d8293